000 00338pab a2200145 454500
008 180718b1985 xxu||||| |||| 00| 0 eng d
100 _aSrinivasan, G.
245 _aYes, this abolition was overdue
260 _c1985
300 _a8-9.13
362 _a1 Sept.
650 _aFederal - State relations
773 _aYojana
909 _a8360
999 _c8360
_d8360